Statistics for Name capitals of countries starting with a letter G

Click here to take the quiz!

General Stats

  • This quiz has been taken 24 times
  • The average score is 9 of 11

Answer Stats

CountryCapital% Correct
GreeceAthens
100%
GermanyBerlin
100%
GuatemalaGuatemala City
91%
GeorgiaTbilisi
91%
GhanaAccra
86%
GuyanaGeorgetown
86%
Guinea-BissauBissau
82%
GabonLibreville
73%
GuineaConakry
64%
GrenadaSaint George's
64%
GambiaBanjul
55%

Score Distribution

Percentile by Number Answered

Percent of People with Each Score

Your Score History

You have not taken this quiz